| 000 | 00535 a2200205 4500 | ||
|---|---|---|---|
| 005 | 20260116152233.0 | ||
| 008 | 260115b |||||||| |||| 00| 0 eng d | ||
| 020 |
_a9780443118913 _c$ 142.99 |
||
| 040 | _aMAIN | ||
| 082 |
_a616.07 _bT463B(16) |
||
| 100 | _aTille, Patricia M | ||
| 245 | _aBailey and scott's diagnostic microbiology | ||
| 250 | _a16th | ||
| 260 |
_bElsevier _c2026 _aMissouri |
||
| 300 | _axiv, 1205 | ||
| 650 | _aMicrobiology | ||
| 650 | _aMedical Microbiology | ||
| 650 | _aMedical Technology | ||
| 942 | _cBK | ||
| 999 |
_c395205 _d395205 |
||